000 00643nam a2200229Ia 4500
003 OSt
005 20220926034301.0
006 a|||||r|||| 00| 0
007 ta
008 220923b |||||||| |||| 00| 0 eng d
037 _cGeneral Book
040 _aRTL
_cRTL
_beng
041 _2eng
_aeng
082 _aS, L7
100 _aAltschule Mark D
_990227
245 0 _aOrigins of concepts in human behaviour
_b Social an
260 _aWashington
_bHemisphere Publishing Corporation
_c1977
300 _aiv,204p
_ccm.
650 _aPsychology
942 _hS, L7
_cGB
_2CC
999 _c659137
_d659137